MARC

LEADER 00000nam0a2200000 4500
001 269349
005 20231101234239.0
035 |a (RuTPU)RU\TPU\book\292523 
035 |a RU\TPU\book\285580 
035 |a RU\TPU\book\287206 
090 |a 269349 
100 |a 20140617d1987 k y0rusy5003 ca 
101 0 |a rus 
102 |a RU 
105 |a a z 001zy 
200 1 |a Радиорелейная и спутниковая связь  |e [сборник статей]  |f Государственный научно-исследовательский институт радио (НИИР) ; отв. ред. С. В. Бородич 
210 |a Москва  |c Радио и связь  |d 1987 
215 |a 118 с.  |c ил.  |d 24 см. 
225 1 |a Труды НИИР  |v № 1 
320 |a Библиогр. в конце ст. 
606 1 |a Радиорелейная связь  |2 stltpush  |3 (RuTPU)RU\TPU\subj\23038  |9 47702 
610 1 |a спутниковая связь 
610 1 |a спутниковое телевидение 
610 1 |a устройства 
610 1 |a земные станции 
610 1 |a стоимость 
610 1 |a машинный расчет 
610 1 |a антенны 
610 1 |a электроприводы 
610 1 |a ретрансляторы 
610 1 |a синхронно-фазовые детекторы 
610 1 |a помехоустойчивость 
610 1 |a гармонические сигналы 
610 1 |a фазовая манипуляция 
610 1 |a СВЧ 
675 |a 621.396.43  |v 3 
702 1 |a Бородич  |b С. В.  |4 340 
712 0 2 |a Государственный научно-исследовательский институт радио (НИИР)  |2 stltpush  |3 (RuTPU)RU\TPU\col\7922 
801 0 |a RU  |b 63413507  |c 19950704  |g psbo 
801 1 |a RU  |b 63413507  |c 20051112  |g PSBO 
801 2 |a RU  |b 63413507  |c 20161201  |g PSBO 
942 |c BK